| 000 | 01566cam a22004574i 4500 | ||
|---|---|---|---|
| 003 | PE-LiUPU | ||
| 005 | 20250731173453.0 | ||
| 008 | 150616s1986 br r 000 0 spa d | ||
| 035 | _a(Sirsi) a6523 | ||
| 040 |
_aPE-LiUPU _bspa _cPE-LiUPU _erda |
||
| 049 | _aPRUA | ||
| 082 | 0 | 4 |
_a220.7 _bICC _221 |
| 100 | 1 |
_aBriggs, Charles Augustus, _eautor. |
|
| 245 | 1 | 0 |
_aPsalms : _bA Critical and Exegetical Commentary. _n19/II / _cCharles Augustus Briggs. |
| 264 | 1 |
_aEdinburgh, Gran Bretaña : _bT. & T. Clark, _c1986. |
|
| 300 |
_a572 páginas ; _c21 cm. |
||
| 336 |
_atext _2rdacontent |
||
| 337 |
_aunmediated _2rdamedia |
||
| 338 |
_avolume _2rdacarrier |
||
| 490 | 0 | _aThe International Critical Commentary | |
| 505 | 0 | _aComentarios sobre el libro de los Salmos, capítulos 51 - 150. | |
| 526 | _aSEG42 | ||
| 526 | _aSEG41 | ||
| 526 | _aSEG40 | ||
| 526 | _aSEG39 | ||
| 526 | _aP94 | ||
| 526 | _aP87 | ||
| 526 | _aP86 | ||
| 526 | _aP85 | ||
| 526 | _aP77 | ||
| 526 | _aP76 | ||
| 526 | _aP35 | ||
| 630 |
_aBiblia. _pA.T. _pSalmos _xComentarios. |
||
| 910 |
_ajck _bjvq _cjck |
||
| 942 |
_2ddc _cBOOK |
||
| 949 |
_a220.7 ICC 19b _wDEWEY _c1 _i39895 _lCCODEBUL1 _mBUL _p20.00 _r0 _sY _tBOOK _u19951204 _xTEOLOGIA _zUNKNOWN _0COMPRA _o.STAFF. Colección Teología |
||
| 994 |
_aC0 _bPEPRU |
||
| 596 | _a1 | ||
| 999 |
_a220.7 ICC 19B _wDEWEY _c57666 _i39895 _d57666 _e2018-6-11 _f2021-11-9 _g5 _lCCODEBUL1 _mBUL _n4 _p20.00 _q1 _r0 _sY _tBOOK _u2015-6-16 _xTEOLOGIA _PP35 _0COMPRA _o.STAFF. Colección Teología |
||
| 980 |
_81 _gALBERTO SANCHEZ Responsable de Automatización |
||